Glaslexikon ; ein Handbuch fur Handwerk, Handel und Industrie /

Bibliographic Details
Main Author: Schnauck, Wilhelm
Format: Book
Language:German
Published: Munchen : G.D.W. Callwey, [1959]
Subjects:

MARC

Tag First Indicator Second Indicator Subfields
LEADER 00000cam a2200000 4500
001 in00000027264
005 20151007061302.0
008 761221s1959 gw a bd 00000 ger c
010 |a a 60004378  
035 |a (OCoLC)02639432 
035 |9 AAD1671AM 
040 |a Wayne State University  |c YKM  |d TXA  |d UtOrBLW 
049 |a TXAM  |c [324750] 
050 0 |a TP857  |b .S346 
090 |a TP857  |b .S346 1959 
092 |a 666.103  |b S357g, 1959 
100 1 |a Schnauck, Wilhelm. 
245 1 0 |a Glaslexikon ;  |b ein Handbuch fur Handwerk, Handel und Industrie /  |c Unter Mitarbeit von Walter Eickermann und Lother Voigtlander. 
264 1 |a Munchen :  |b G.D.W. Callwey,  |c [1959] 
300 |a 267 pages :  |b illustrations ;  |c 20 cm. 
336 |a text  |b txt  |2 rdacontent 
337 |a unmediated  |b n  |2 rdamedia 
338 |a volume  |b nc  |2 rdacarrier 
504 |a Bibliography: pages 265-266. 
650 0 |a Glass  |x Dictionaries  |x German. 
650 0 |a Glass manufacture  |x Dictionaries  |x German. 
999 |a MARS 
999 f f |s 87c1d5f5-555d-3fc9-b8d7-596ca00bba8d  |i 8237ad55-e35a-3168-b98f-b6a04154b066  |t 0 
952 f f |p ric  |a Texas A&M University  |b Rellis Campus  |c Joint Library Facility  |d Remote Storage  |t 0  |e TP857 .S346 1959  |h Library of Congress classification  |i unmediated -- volume  |m A14801116039 
998 f f |a TP857 .S346 1959  |t 0  |l Remote Storage